Loading...
| Current Events | 4 | 20.00 | 100% | 75% | 25% |
| Fine Arts - Classical Music | 7 | 22.86 | 100% | 86% | 43% |
| Fine Arts - Other | 4 | 25.00 | 100% | 100% | 50% |
| Fine Arts - Painting and Sculpture | 8 | 25.00 | 100% | 88% | 63% |
| Geography | 1 | 30.00 | 100% | 100% | 100% |
| History - American | 4 | 27.50 | 100% | 100% | 75% |
| History - European | 9 | 20.00 | 100% | 78% | 22% |
| History - Other | 8 | 21.25 | 100% | 88% | 25% |
| History - World | 7 | 21.43 | 100% | 100% | 14% |
| Literature - American | 7 | 25.71 | 100% | 100% | 57% |
| Literature - British | 8 | 26.25 | 100% | 100% | 63% |
| Literature - European | 6 | 26.67 | 100% | 100% | 67% |
| Literature - World | 6 | 23.33 | 100% | 83% | 50% |
| Mythology | 5 | 20.00 | 100% | 60% | 40% |
| Philosophy | 6 | 13.33 | 100% | 33% | 0% |
| Popular Culture | 3 | 23.33 | 100% | 100% | 33% |
| Religion | 5 | 16.00 | 100% | 40% | 20% |
| Science - Biology | 6 | 15.00 | 100% | 33% | 17% |
| Science - Chemistry | 5 | 8.00 | 60% | 20% | 0% |
| Science - Other | 6 | 16.67 | 67% | 83% | 17% |
| Science - Physics | 7 | 14.29 | 100% | 43% | 0% |
| Social Science | 5 | 18.00 | 80% | 80% | 20% |